| 000 | 00576nam a2200205 a 4500 | ||
|---|---|---|---|
| 001 | 2876 | ||
| 003 | CDMR | ||
| 005 | 20151026134202.0 | ||
| 008 | 130130s1977||||||||||||||||||||||||||||d | ||
| 020 | _a8485047877 | ||
| 024 |
_2DL _aB23071997 |
||
| 040 |
_aCDMR _bcat _cCDMR |
||
| 100 | 1 |
_aMartínez Albertos, José Luís _92108 |
|
| 245 | 1 | 0 |
_aEl mensaje informativo _cJosé Luis Martínez Albertos |
| 260 |
_c1977 _bATE _aBarcelona |
||
| 300 | _a329 p. | ||
| 490 | 0 |
_aLibros de comunicación social _v7 |
|
| 650 |
_93772 _aPeriodisme--Manuals d'estil _vmanuals |
||
| 942 |
_cMON _2udc |
||
| 999 |
_c2876 _d2876 |
||